First Names of U.S. Presidents - Statistics

General Stats
  • This quiz has been taken 97 times
    74 since last reset
  • The average score is 17 of 20
Answer Stats
Surname First Name % Correct
Clinton Bill
100%
Reagan Ronald
98%
Lincoln Abraham
95%
Washington George
91%
Kennedy John
90%
Jackson Andrew
88%
Truman Harry
88%
Madison James
86%
Roosevelt Theodore
86%
Jefferson Thomas
86%
Eisenhower Dwight
84%
Hoover Herbert
84%
Monroe James
84%
Ford Gerald
83%
Carter Jimmy
83%
Cleveland Grover
74%
Arthur Chester
69%
Taylor Zachary
67%
Tyler John
64%
Pierce Franklin
59%
No matching quizzes found
Score Distribution
Percent of People with Each Score
Percentile by Number Answered
Your Score History
You have not taken this quiz since the last reset